30 Countries With Most Game Speedrunners - Statistics

General Stats
  • This quiz has been taken 111 times
    90 since last reset
  • The average score is 26 of 30
Answer Stats
Lp Location Users % Correct
14. Spain 1,729
99%
2. United Kingdom 11,071
99%
1. United States 69,331
99%
4. Canada 10,211
97%
23. China 905
97%
3. France 10,578
97%
5. Germany 7,794
96%
13. Japan 2,326
96%
8. Australia 5,386
95%
6. Brazil 6,959
95%
18. Italy 1,152
95%
15. Mexico 1,496
92%
7. Russia 5,794
92%
30. South Korea 685
92%
21. Argentina 993
90%
9. Sweden 2,757
90%
16. Norway 1,326
89%
12. Finland 2,357
88%
10. Poland 2,635
88%
28 Portugal 729
86%
24. Austria 888
81%
27. Ireland 768
81%
19. Denmark 1,066
78%
25. Switzerland 818
78%
11. Netherlands 2,580
77%
17. Belgium 1,165
75%
22. Ukraine 917
75%
20. Chile 1,000
73%
26. New Zealand 788
73%
29. Turkey 728
73%
No matching quizzes found
Score Distribution
Percent of People with Each Score
Percentile by Number Answered
Your Score History
You have not taken this quiz since the last reset